| 000 | 00000nam##2200000za#4500 |
| 001 | 9.603565 |
| 003 | CaOODSP |
| 005 | 20210624211134 |
| 007 | cr ||||||||||| |
| 008 | 150406|1998||||xxc|||||o f|0| 0 fre|d |
| 040 | |aCaOODSP|bfre |
| 043 | |an-cn--- |
| 086 | 1 |aNH14-1/0390F-PDF |
| 110 | 2 |aSociété canadienne d'hypothèques et de logement. |
| 245 | 10|aComment la Municipalité régionale du Cap-Breton a rationalisé l'approbation des plans de construction résidentielle en améliorant la qualité des plans présentés pour fins d'examen / |h[ressource électronique]|cpar Word-Works Communications Services. |
| 260 | |aOttawa - Ontario : |bSociété canadienne d'hypothèques et de logement |
| 300 | |a23p.|bfigures |
| 490 | 1 |aAbordabilité et choix toujours (ACT), projet de réforme de la réglementation|vJuin 1998 |
| 590 | |a12-31-Supp|b2012-07-06 |
| 775 | 08|tHow Cape Breton Regional Municipality streamlined residential building plans approvals by improving the quality of plans submitted for review |w(CaOODSP)9.573397 |
| 776 | 0#|tHow Cape Breton Regional Municipality streamlined residential building plans approvals by improving the quality of plans submitted for review / |w(CaOODSP)9.534754 |
| 776 | 0#|tComment la Municipalité régionale du Cap-Breton a rationalisé l'approbation des plans de construction résidentielle en améliorant la qualité des plans présentés pour fins d'examen / |w(CaOODSP)9.534755 |
| 830 | #0|aAbordabilité et choix toujours (ACT), projet de réforme de la réglementation ;|vJuin 1998|w(CaOODSP)9.503295 |
| 856 | 40|ahttp://publications.gc.ca|qPDF|s1.82 Mo|uhttps://publications.gc.ca/collections/Collection/NH14-1-0390F.pdf|yJuin 1998 |